000 00265nam a22001097a 4500
008 240605b |||||||| |||| 00| 0 eng d
100 _aKamal, Sartaj
_915206
245 _aAman jom Laharon
260 _aBombay:
_bSindhu Sahitya;
_c1968
300 _a48p.
942 _cBK
999 _c39451
_d39451